000 00896nam a2200253 a 4500
999 _c2276
_d2276
008 200302s2013 ii ad||| m|||a00| 0 eng d
040 _aKO
_beng
041 0 _aeng
044 _aii
082 0 4 _223
_a378.242
_bPRM1105
100 1 _aP. U, Aparna
_eResearcher
245 1 0 _aComparative Study on the Performance Between Tuticorin and ICTT Vallarpadam Container Terminals /
_cAparna P. U ; Guide Mini Elizabeth Eappen
260 _aKochi :
_bIndian Maritime University,
_c2013
300 _avii , 37 p. :
_bill., charts ;
_c29 cm.
490 0 _aMBA Project 2011-13 ;
_v11005051005
502 _aProject (MBA)–Indian Maritime University. School of Maritime Management, 2013.
650 0 _aContainer terminals
650 0 _aPerformance
655 7 _2lcsh
_aDissertations, Academic
_y2013
700 1 _aEappen, Mini Elizabeth
_cDr.
_eGuide
904 _aReshma_R
942 _cTH